000 01053cab a2200205 4500
001 x88124
008 090401t1997 xxu||||| |||| 00| 0 eng d
035 _a(Sirsi) u82507
041 _aeng
245 _aNykredit Mortgage Bank plc v Edward Erdman Group Ltd (formerly Edward Erdman Unlimited Co.)
260 _c1997
350 _a0
490 _aNew Property Cases
_v(1997) NPC 165, (5)
520 _aHL 27 November 1997. A negligent valuer who causes loss to a mortgagee will have to pay interest on the loss not simply from the date of the loan nor from the date of the judgment but from the date when the loss was sustained. A court has no jurisdiction to award damages on costs orders but an appeal court does have jurisdiction to award interest on repayable damages and costs arising from correcting the decisions of inferior courts. NB NO PHOTOCOPYING ALLOWED.
650 _aNEGLIGENCE
650 _aNYKREDIT MORTGAGE BANK PLC V EDWARD ERDMAN GROUP PLC
690 _aPROFESSIONAL PRACTICE -CASE LAW
942 _n0
948 _c04/12/1997
999 _c52103
_d52103